000 01298nam a22003735a 4500
003 EG-ScBUE
005 20220529131305.0
006 m||||fq||h 00| 0
008 120912r20152011enka f 000 0 eng d
020 _a019474163X
020 _a9780194741637
040 _aEG-ScBUE
_beng
_erda
_cEG-ScBUE
_dEG-ScBUE
082 0 4 _a428.24
_bPHI
_222
100 1 _aPhilpot, Sarah,
_eauthor.
_930903
245 1 0 _aAcademic Skills :
_breading, writing, and study skills.
_nlevel 2,
_pTeacher's guide /
_cSarah Philpot.
246 3 0 _aTeacher's guide
250 _aReprinted edition.
264 1 _aOxford :
_bOxford University Press,
_c2015.
300 _a64 pages :
_billustrations ;
_c28 cm +
_e1 CD.
336 _2rdacontent
_atext
_btxt
336 _2rdacontent
_asounds
_bsnd
337 _2rdamedia
_aunmediated
_bn
337 _2rdamedia
_aaudio
_bs
338 _2rdacarrier
_avolume
_bnc
338 _2rdacarrier
_acomputer disc
_bcd
490 0 _aHeadway academic skills
521 _aFor B1 learners.
650 7 _aEnglish language
_xStudy and teaching (Higher)
_xForeign speakers.
_2BUEsh
_930904
650 7 _aEnglish language
_vTextbooks for foreign speakers.
_2BUEsh
651 _2BUEsh
653 _bHHUUEENN
_cSeptember2012
_cJanuary2019
655 _vReading book
_934232
942 _2ddc
_cTR
999 _c16998
_d16970